Koniec kapitálového trhu kapitoly z histórie kapitálového trhu v SR
Dnešný pohľad na kapitálový trh SR. Kríza slovenského kapitálového trhu ako výsledok historicky podmieneného vývoja. Nefunkčný kapitálový trh a spôsob privatizácie v rokoch 1991-1998. Systémové zlyhania a objektívne príčiny.
Uložené v:
| Hlavný autor: | |
|---|---|
| Médium: | Kapitola |
| Jazyk: | Slovak |
| Predmet: | |
| Tagy: |
Žiadne tagy, Buďte prvý, kto otaguje tento záznam!
|
MARC
| LEADER | 00000naa$a2200000$$$4500 | ||
|---|---|---|---|
| 001 | 0115106 | ||
| 005 | 20231019091433.4 | ||
| 041 | 0 | |a slo | |
| 044 | |a SK | ||
| 245 | 1 | 0 | |a Koniec kapitálového trhu |b kapitoly z histórie kapitálového trhu v SR |c Vladimír Baláž |
| 520 | |a Dnešný pohľad na kapitálový trh SR. Kríza slovenského kapitálového trhu ako výsledok historicky podmieneného vývoja. Nefunkčný kapitálový trh a spôsob privatizácie v rokoch 1991-1998. Systémové zlyhania a objektívne príčiny. | ||
| 610 | 2 | 0 | |a Slovensko |
| 610 | 2 | 0 | |a história |
| 610 | 2 | 0 | |a privatizácia |
| 610 | 2 | 0 | |a trh kapitálový |
| 610 | 2 | 0 | |a emisia |
| 610 | 2 | 0 | |a Národná banka Slovenska |
| 610 | 2 | 0 | |a politika fiškálna |
| 610 | 2 | 0 | |a rating |
| 610 | 2 | 0 | |a indexy burzové |
| 610 | 2 | 0 | |a akcie |
| 610 | 2 | 0 | |a dlhopisy |
| 610 | 2 | 0 | |a kríza finančná |
| 100 | 1 | |a Baláž, Vladimír | |